Epidemiología de las leucemias en la población cubierta por el Fondo Intangible Solidario de Salud (FISSAL), 2022-2023 (Registro nro. 22519)

000 -Cabecera
Campo de control interno 01972nam a2200265 4500
001 - Número de control
control field ESSALUD
007 - Tipo material - Descripcion fisica - info general
Tipo material - Descripcion fisica - info general ta
008 - Elementos de Longitud Fija - Información General
Elementos de Longitud Fija - Información t2026 pe ||||| |||| 00| 0 spa d
040 ## - Origen de la Catalogación
Origen de la Catalogación BMG
041 ## - Idioma
Idioma spa
100 ## - Autor
Autor Philipps Alvarez, Andrea Luciana
Rol del Autor autor
9 (RLIN) 52690
245 ## - Titulo
Titulo Epidemiología de las leucemias en la población cubierta por el Fondo Intangible Solidario de Salud (FISSAL), 2022-2023
300 ## - Páginas
Paginación páginas 25-31
520 ## - Resumen
Resumen Caracterizar los diagnósticos de leucemia en la población cubierta por el Fondo Intangible Solidario de Salud (FISSAL) del Seguro Integral de Salud (SIS) en 2022-2023. Se realizó un estudio observacional y descriptivo, ejecutado con datos de fuente secundaria provenientes del FISSAL (SIS) del Perú que contiene registros de atenciones oncológicas del 2022 y 2023. Se analizaron 7 771 diagnósticos correspondientes a 5 443 pacientes; las leucemias agudas fueron las más prevalentes (65,1%) afectando principalmente a la población infantil, mientras que las leucemias crónicas mostraron un marcado predominio en la población adulta (80,6%). Se evidencian variaciones entre edad y región, además de una fuerte concentración de diagnósticos en la capital. Estos hallazgos resaltan la urgente necesidad de descentralizar la atención oncohematológica y mejorar la distribución equitativa de recursos para garantizar un diagnóstico oportuno y un tratamiento efectivo en todas las ciudades del país.
650 ## - Temas - Descriptores
Temas - Descriptores LEUCEMIA
9 (RLIN) 33873
650 ## - Temas - Descriptores
Temas - Descriptores EPIDEMIOLOGÍA
650 ## - Temas - Descriptores
Temas - Descriptores SEGURO DE SALUD
9 (RLIN) 2768
650 ## - Temas - Descriptores
Temas - Descriptores PERÚ
9 (RLIN) 13
700 ## - Autor Personal
Autor Personal Carrasco Villa, Lady Maribel
Rol del autor autor
9 (RLIN) 52691
700 ## - Autor Personal
Autor Personal Zavala Alata, Sonia Natalia
Rol del autor autor
9 (RLIN) 52692
700 ## - Autor Personal
Autor Personal Rolando Espinoza, Sophie Gwineth
Rol del autor autor
9 (RLIN) 52693
700 ## - Autor Personal
Autor Personal Macciotta Casassa, Mateo
Rol del autor autor
9 (RLIN) 52694
773 0# - Revista (Relacion con el numero)
Host Biblionumber 22497
Host Itemnumber 22595
Ciudad, Editorial Lima : IETSI
Codigo barras item/ejemplar CITES01
Titulo de la Revista Ciencia y Tecnología aplicada a la Salud Pública
Número de control de registro ESSALUD
ISSN 3119-7981
942 ## - Elementos de Koha
Tipo de Documento Artículos
Fecha procesamiento 2026-06-11
Catalogador AFC

No hay ítems disponibles.